Films de Clint Eastwood par images - Statistiques

Statistiques générales
  • Ce quiz a été pris 857 fois
    746 depuis la dernière actualisation
  • Le résultat moyen est 5 sur 16
Statistiques - réponses
Par images Réponse % Correct
Million Dollar Baby
83%
American Sniper
80%
Gran Torino
74%
La Mule
50%
Mystic River
47%
Sur la route de Madison
43%
Impitoyable
30%
J Edgar
28%
Le Cas Richard Jewell
22%
L'échange
22%
Bird
14%
Mémoires de nos pères
11%
Cry Macho
10%
Au-delà
7%
Créance de sang
6%
Jugé coupable
2%
Aucun quiz correspondant
Distribution des résultats
% des personnes avec chaque résultat
Percentile par nombre de réponses
Votre historique - résultats
Vous n’avez pas pris ce quiz depuis la dernière actualisation